000 00600nam a2200229Ia 4500
003 OSt
005 20220918201242.0
006 a|||||r|||| 00| 0
007 ta
008 220917b |||||||| |||| 00| 0 eng d
024 _a92,653
037 _cTextual
040 _aARTS
_cARTS
_beng
041 _2eng
_aeng
082 _aV1:1944:N5, K61
100 _aKnorr Klaus
_997711
245 0 _aOn the uses of military power in the nuclear age
260 _aNA
_bNA
_c1966
650 _aHISTORY
942 _hV1:1944:N5, K61
_cTEXL
_2CC
999 _c216304
_d216304